000 01057nam a2200313 a 4500
999 _c48220
_d48220
001 4841650
003 Nust
005 20170112144134.0
008 900607s1990 caua b 001 0 eng
010 _a 90163662
020 _a0026808412
020 _a0026808420
040 _aDLC
_cDLC
043 _an-us---
050 0 0 _aHE7775
_b.B53 1990
082 0 0 _a384
_220
100 1 _aBlyth, W. John.
245 1 0 _aTelecommunications :
_bconcepts, development, and management /
_cW. John Blyth, Mary M. Blyth.
250 _a2nd ed.
260 _aMission Hills, Calif. :
_bGlencoe/McGraw-Hill,
_cc1990.
300 _a362 p. :
_bill. ;
_c25 cm.
504 _aIncludes bibliographical references and index.
650 0 _aTelecommunication
_zUnited States.
650 0 _aTelecommunication
_xManagement.
700 1 _aBlyth, Mary M.
906 _a7
_bcbc
_corignew
_d2
_encip
_f19
_gy-gencatlg
942 _2ddc
_cBK